<?xml version="1.0" encoding="UTF-8"?>
<record
    xmlns:xsi="http://www.w3.org/2001/XMLSchema-instance"
    xsi:schemaLocation="http://www.loc.gov/MARC21/slim http://www.loc.gov/standards/marcxml/schema/MARC21slim.xsd"
    xmlns="http://www.loc.gov/MARC21/slim">

  <leader>00715nam a22001337a 4500</leader>
  <datafield tag="040" ind1=" " ind2=" ">
    <subfield code="c">RUA</subfield>
  </datafield>
  <datafield tag="082" ind1=" " ind2=" ">
    <subfield code="a">AVM RIN 2012 B103 Or.1</subfield>
  </datafield>
  <datafield tag="100" ind1=" " ind2=" ">
    <subfield code="a">RIN, PUTHEA.</subfield>
  </datafield>
  <datafield tag="245" ind1=" " ind2=" ">
    <subfield code="a">study about the present and prevalence of ancylostoma caninum parasite in dog at khan dangkor phnom penh city (&#x179F;&#x17B7;&#x1780;&#x17D2;&#x179F;&#x17B6;&#x1796;&#x17B8;&#x179C;&#x178F;&#x17D2;&#x178F;&#x1798;&#x17B6;&#x1793; &#x1793;&#x17B7;&#x1784; &#x1780;&#x1798;&#x17D2;&#x179A;&#x17B7;&#x178F;&#x179A;&#x17B6;&#x179B;&#x178A;&#x17B6;&#x179B; &#x1793;&#x17C3;&#x1794;&#x179A;&#x17B6;&#x179F;&#x17B7;&#x178F; ancylostoma caninum &#x1793;&#x17C5;&#x179B;&#x17BE;&#x179F;&#x17BB;&#x1793;&#x1781;&#x200B;&#x1780;&#x17D2;&#x1793;&#x17BB;&#x1784;&#x1781;&#x178E;&#x17D2;&#x178C;&#x178A;&#x1784;&#x17D2;&#x1780;&#x17C4; &#x179A;&#x17B6;&#x1787;&#x1792;&#x17B6;&#x1793;&#x17B8;&#x1797;&#x17D2;&#x1793;&#x17C6;&#x1796;&#x17C1;&#x1789;)</subfield>
  </datafield>
  <datafield tag="260" ind1=" " ind2=" ">
    <subfield code="a">Phnom Penh</subfield>
    <subfield code="b">RUA</subfield>
    <subfield code="c">2012</subfield>
  </datafield>
  <datafield tag="300" ind1=" " ind2=" ">
    <subfield code="a">ix, 39p.</subfield>
    <subfield code="b">ill.</subfield>
    <subfield code="c">29cm.</subfield>
  </datafield>
  <datafield tag="856" ind1=" " ind2=" ">
    <subfield code="u">https://drive.google.com/file/d/1EO-AoSdzhTuAGkKsmP3hd-ttVXFZd2Hx/view?usp=sharing</subfield>
  </datafield>
  <datafield tag="942" ind1=" " ind2=" ">
    <subfield code="c">AVM</subfield>
  </datafield>
  <datafield tag="999" ind1=" " ind2=" ">
    <subfield code="c">2756</subfield>
    <subfield code="d">2756</subfield>
  </datafield>
  <datafield tag="952" ind1=" " ind2=" ">
    <subfield code="0">0</subfield>
    <subfield code="1">0</subfield>
    <subfield code="2">ddc</subfield>
    <subfield code="4">0</subfield>
    <subfield code="6">AVM_RIN_2012_000000000000000_B103_OR_1</subfield>
    <subfield code="7">0</subfield>
    <subfield code="9">13202</subfield>
    <subfield code="a">LBB</subfield>
    <subfield code="b">LBB</subfield>
    <subfield code="c">B103</subfield>
    <subfield code="d">2015-10-27</subfield>
    <subfield code="o">AVM RIN 2012 B103 Or.1</subfield>
    <subfield code="p">RUA009102</subfield>
    <subfield code="r">2015-10-27</subfield>
    <subfield code="w">2015-10-27</subfield>
    <subfield code="y">AVM</subfield>
  </datafield>
  <datafield tag="952" ind1=" " ind2=" ">
    <subfield code="0">0</subfield>
    <subfield code="1">0</subfield>
    <subfield code="2">ddc</subfield>
    <subfield code="4">0</subfield>
    <subfield code="6">AVM_RIN_2012_000000000000000_B103_OR_2</subfield>
    <subfield code="7">0</subfield>
    <subfield code="9">13203</subfield>
    <subfield code="a">LBB</subfield>
    <subfield code="b">LBB</subfield>
    <subfield code="c">B103</subfield>
    <subfield code="d">2015-10-27</subfield>
    <subfield code="o">AVM RIN 2012 B103 Or.2</subfield>
    <subfield code="p">RUA020105</subfield>
    <subfield code="r">2015-10-27</subfield>
    <subfield code="w">2015-10-27</subfield>
    <subfield code="y">AVM</subfield>
  </datafield>
  <datafield tag="952" ind1=" " ind2=" ">
    <subfield code="0">0</subfield>
    <subfield code="1">0</subfield>
    <subfield code="2">ddc</subfield>
    <subfield code="4">0</subfield>
    <subfield code="6">AVM_RIN_2012_000000000000000_B103_OR_3</subfield>
    <subfield code="7">0</subfield>
    <subfield code="9">13204</subfield>
    <subfield code="a">LBB</subfield>
    <subfield code="b">LBB</subfield>
    <subfield code="c">B103</subfield>
    <subfield code="d">2015-10-27</subfield>
    <subfield code="l">1</subfield>
    <subfield code="o">AVM RIN 2012 B103 Or.3</subfield>
    <subfield code="p">RUA016663</subfield>
    <subfield code="r">2019-01-28</subfield>
    <subfield code="s">2019-01-08</subfield>
    <subfield code="w">2015-10-27</subfield>
    <subfield code="y">AVM</subfield>
  </datafield>
  <datafield tag="952" ind1=" " ind2=" ">
    <subfield code="0">0</subfield>
    <subfield code="1">0</subfield>
    <subfield code="2">ddc</subfield>
    <subfield code="4">0</subfield>
    <subfield code="6">AVM_RIN_2012_000000000000000_B103_OR_4</subfield>
    <subfield code="7">0</subfield>
    <subfield code="9">13205</subfield>
    <subfield code="a">LBB</subfield>
    <subfield code="b">LBB</subfield>
    <subfield code="c">B103</subfield>
    <subfield code="d">2015-10-27</subfield>
    <subfield code="o">AVM RIN 2012 B103 Or.4</subfield>
    <subfield code="p">RUA016935</subfield>
    <subfield code="r">2015-10-27</subfield>
    <subfield code="w">2015-10-27</subfield>
    <subfield code="y">AVM</subfield>
  </datafield>
  <datafield tag="952" ind1=" " ind2=" ">
    <subfield code="0">0</subfield>
    <subfield code="1">0</subfield>
    <subfield code="2">ddc</subfield>
    <subfield code="4">0</subfield>
    <subfield code="6">AVM_RIN_2012_000000000000000_B103_OR_5</subfield>
    <subfield code="7">0</subfield>
    <subfield code="9">13206</subfield>
    <subfield code="a">LBB</subfield>
    <subfield code="b">LBB</subfield>
    <subfield code="c">B103</subfield>
    <subfield code="d">2015-10-27</subfield>
    <subfield code="o">AVM RIN 2012 B103 Or.5</subfield>
    <subfield code="p">RUA009977</subfield>
    <subfield code="r">2015-10-27</subfield>
    <subfield code="w">2015-10-27</subfield>
    <subfield code="y">AVM</subfield>
  </datafield>
  <datafield tag="952" ind1=" " ind2=" ">
    <subfield code="0">0</subfield>
    <subfield code="1">0</subfield>
    <subfield code="2">ddc</subfield>
    <subfield code="4">0</subfield>
    <subfield code="6">AVM_RIN_2012_000000000000000_B103_OR_6</subfield>
    <subfield code="7">0</subfield>
    <subfield code="9">13207</subfield>
    <subfield code="a">LBB</subfield>
    <subfield code="b">LBB</subfield>
    <subfield code="c">B103</subfield>
    <subfield code="d">2015-10-27</subfield>
    <subfield code="l">1</subfield>
    <subfield code="o">AVM RIN 2012 B103 Or.6</subfield>
    <subfield code="p">RUA017317</subfield>
    <subfield code="r">2016-06-20</subfield>
    <subfield code="s">2016-05-26</subfield>
    <subfield code="w">2015-10-27</subfield>
    <subfield code="y">AVM</subfield>
  </datafield>
  <datafield tag="952" ind1=" " ind2=" ">
    <subfield code="0">0</subfield>
    <subfield code="1">0</subfield>
    <subfield code="2">ddc</subfield>
    <subfield code="4">0</subfield>
    <subfield code="6">AVM_RIN_2012_000000000000000_B103_OR_7</subfield>
    <subfield code="7">0</subfield>
    <subfield code="9">13208</subfield>
    <subfield code="a">LBB</subfield>
    <subfield code="b">LBB</subfield>
    <subfield code="c">B103</subfield>
    <subfield code="d">2015-10-27</subfield>
    <subfield code="l">1</subfield>
    <subfield code="o">AVM RIN 2012 B103 Or.7</subfield>
    <subfield code="p">RUA009656</subfield>
    <subfield code="r">2018-05-28</subfield>
    <subfield code="s">2018-05-22</subfield>
    <subfield code="w">2015-10-27</subfield>
    <subfield code="y">AVM</subfield>
  </datafield>
</record>
